50 Random Cities in Africa on a Map - Statistics

General Stats
  • This quiz has been taken 132 times
  • The average score is 34 of 50
Answers on the Map
Answers color-coded by a green-red scale on the quiz's map according to % correct below.
 
Answer Stats
Answer % Correct
Algiers
100%
Cairo
100%
Cape Town
100%
Harare
100%
Nairobi
100%
Tripoli
100%
Alexandria
97%
Tunis
97%
Windhoek
97%
Rabat
96%
Lusaka
95%
Addis Ababa
94%
Casablanca
94%
Johannesburg
94%
Lagos
94%
Abuja
93%
Freetown
93%
Kinshasa
93%
Bissau
92%
Dar es Salaam
92%
Niamey
92%
Djibouti
91%
Bloemfontein
88%
Dakar
88%
Khartoum
88%
Lome
88%
Luanda
88%
Monrovia
88%
Moroni
88%
Mogadishu
87%
Kampala
86%
Accra
85%
Asmara
85%
Ouagadougou
85%
Abidjan
84%
Yaounde
83%
Conakry
82%
Durban
82%
Marrakesh
82%
Port Louis
82%
Fes
81%
Gaborone
81%
Libreville
81%
Bamako
80%
Kigali
80%
Banjul
79%
Juba
79%
Porto-Novo
79%
Victoria
79%
Antananarivo
78%
Dodoma
78%
Pretoria
78%
Kano
76%
Nouakchott
76%
Sao Tome
76%
Maputo
74%
N'Djamena
74%
Gitega
73%
Lilongwe
73%
Mombasa
73%
Maseru
71%
Mbabane
71%
Bangui
69%
Brazzaville
69%
Port Elizabeth
69%
Yamoussoukro
67%
Tangier
66%
Lubumbashi
63%
Oran
63%
Praia
63%
Cotonou
62%
Douala
62%
Ibadan
61%
Port Harcourt
56%
Benin City
55%
Malabo
54%
Agadir
48%
Kumasi
47%
Mbuji-Mayi
46%
Pointe-Noire
38%
Sousse
36%
Aba
33%
Onitsha
30%
Bobo-Dioulasso
29%
Jos
28%
Kananga
27%
Mwanza
26%
Kisangani
25%
Ilorin
23%
Sokoto
23%
Zaria
23%
Touba
22%
Maiduguri
16%
Benguela
15%
Bukavu
15%
Oshogbo
14%
Enugu
11%
Warri
10%
Kaduna
9%
No matching quizzes found
Score Distribution
Percent of People with Each Score
Percentile by Number Answered
Your Score History
You have not taken this quiz